01656cam a22003974a 450000100090000000300040000900500170001300800410003001000170007102000270008802000320011503500130014704000180016004200080017805000220018608200120020810000320022024500750025226000550032730000210038233600260040333700280042933800270045750400560048450502890054058300410082960000320087065000170090265000260091965000200094585600780096590600450104394200120108899900170110095201410111713444228OSt20260616155526.0031224s2004 ilu b 000 0deng  a 2003027940 a0830832149qalk. paper a9780830832149q(alk. paper) a13444228 aDLCcDLCdDLC apcc00aBT1103b.J64 200400a2302221 aJohnson, G. Timothy,d1936-10aFinding God in the questions :ba personal journey /cTimothy Johnson. aDowners Grove, Ill. :bInterVarsity Press,cc2004. a216 p. ;c22 cm. atextbtxt2rdacontent aunmediatedbn2rdamedia avolumebnc2rdacarrier aIncludes bibliographical references (p. [213]-216).0 aWhy do the questions keep coming? -- Is the universe an accident? -- How did we get here? -- Who are we? -- Why bother with religion and the Bible? -- What did Jesus teach? -- Who was Jesus? -- How should faith shape our lives? -- Is God in control? -- Can we bet on the heart of God? aCataloguing:c20260616kgtanuigtanui10aJohnson, G. Timothy,d1936- 0aApologetics. 0aReligion and science. 0aChristian life.413Table of contentsuhttp://www.loc.gov/catdir/toc/ecip0412/2003027940.html a7bcbccorignewd1eecipf20gy-gencatlg 2lcccBK c21691d21690 00102lcc70aKABUbKABUcGENd2026-06-16eDonationi2026/3979l0oBT1103 .J64 2004 C.1p37975r2026-06-16 15:57:31tC.1w2026-06-16yBK